| 000 | 01130nab a22002297i 4500 | ||
|---|---|---|---|
| 001 | 768714001 | ||
| 003 | CO-MdFUSB | ||
| 005 | 20240611152858.0 | ||
| 008 | 240611t1972 ck ||||| |||| 00| 0 spa d | ||
| 040 |
_bspa _cCO-MdFUSB _dCO-MdFUSB |
||
| 041 | _aspa | ||
| 100 |
_a Diaz A, Eduardo, _eautor |
||
| 245 |
_aLa doctrina sobre la tradición según el cardenal J. B. Franzelin, II _c/ Eduardo Diaz A |
||
| 520 | _aAdemás de considerar la Tradición en su aspecto objetivo, como depósito de Revelación plenamente constituido, norma de fe de valor absoluto, consignada principalmente en la Escritura; se trata de ver el modo como esa verdad se trasmite a través del tiempo. Es lo que Franzelin llama la Tradición activa. | ||
| 650 | 7 |
_aTeología doctrinal _9179 |
|
| 650 | 7 |
_aHermenéutica _9418 |
|
| 650 | 7 |
_aTradición (Filosofía) _97100 |
|
| 650 | 7 |
_aTradición (Teología) _97103 |
|
| 773 | 0 |
_070111 _982741 _dBogotá, Colombia : _oR2616 _tEcclesiastica Xaveriana _w(CO-MdFUSB)768714001 _gVolumen 22, (número 2, 1972) páginas: 79 - 121 _qpágina: 79 |
|
| 942 | _cANA | ||
| 945 | _aCatherine Arias Álvarez - Practicante SENA | ||
| 999 |
_c70124 _d70124 |
||